Organization of metacognitive knowledge : a condition for strategy use in memorization (Record no. 73821)
[ view plain ]
| 000 -CABECERA | |
|---|---|
| campo de control de longitud fija | 00669nam a2200229 a 4500 |
| 005 - FECHA Y HORA DE LA ÚLTIMA TRANSACCIÓN | |
| campo de control | 20210219153319.0 |
| 008 - ELEMENTOS DE LONGITUD FIJA--INFORMACIÓN GENERAL | |
| campo de control de longitud fija | 991125n 000 0 eng u |
| 035 ## - NÚMERO DE CONTROL DEL SISTEMA | |
| Número de control de sistema | UPN01000090901 |
| 100 ## - ASIENTO PRINCIPAL--NOMBRE PERSONAL | |
| Nombre de persona | Melot, Anne-Marie |
| 222 ## - TÍTULO CLAVE | |
| Título clave | EUROPEAN JOURNAL OF PSYCHOLOGY OF EDUCATION |
| 245 ## - MENCIÓN DE TÍTULO | |
| Título | Organization of metacognitive knowledge : a condition for strategy use in memorization |
| 300 ## - DESCRIPCIÓN FÍSICA | |
| Extensión | 23-38 |
| 362 ## - FECHAS DE PUBLICACIÓN Y/O DESIGNACIÓN SECUENCIAL | |
| Fecha de publicación y/o designación secuencial | 1992 7, no. 1 |
| 653 0# - TERMINO DE INDIZACION - NO CONTROLADO | |
| Término no controlado | CLASIFICACION |
| 653 0# - TERMINO DE INDIZACION - NO CONTROLADO | |
| Término no controlado | ESTILO COGNOSCITIVO |
| 653 0# - TERMINO DE INDIZACION - NO CONTROLADO | |
| Término no controlado | ESTRATEGIAS DE APRENDIZAJE |
| 653 0# - TERMINO DE INDIZACION - NO CONTROLADO | |
| Término no controlado | MEMORIZACION |
| 653 0# - TERMINO DE INDIZACION - NO CONTROLADO | |
| Término no controlado | METACOGNICION |
| 700 ## - ASIENTO SECUNDARIO--NOMBRE DE PERSONAL | |
| Nombre de persona | Corroyer, Denis |
| 904 ## - ELEMENTOS DE DATOS D LOCAL, LDD (RLIN) | |
| a | AC |
| b | 028712 |
| 905 ## - TIPO DE MATERIAL | |
| Tipo de material | Articulo |
No items available.
